Tuyển chọn các bài tập ngôn ngữ lập trình C: Giáo trình

Kaydedildi:
Detaylı Bibliyografya
Yazar: Tăng Kim Quang
Materyal Türü: Kitap
Dil:Undetermined
Baskı/Yayın Bilgisi: Hà Nội Thống Kê 1999
Konular:
Etiketler: Etiketle
Etiket eklenmemiş, İlk siz ekleyin!
Thư viện lưu trữ: Trung tâm Học liệu Trường Đại học Cần Thơ
LEADER 00613nam a2200181Ia 4500
001 CTU_32650
008 210402s9999 xx 000 0 und d
082 |a 005.133 
082 |b Qu108 
100 |a Tăng Kim Quang 
245 0 |a Tuyển chọn các bài tập ngôn ngữ lập trình C: 
245 0 |b Giáo trình 
245 0 |c Tăng Kim Quang, Nguyễn Công Bình, Lê Minh Trung 
260 |a Hà Nội 
260 |b Thống Kê 
260 |c 1999 
650 |a c ( computer program language ) - problems, exercises, etc 
980 |a Trung tâm Học liệu Trường Đại học Cần Thơ